00595nam a2200181Ia 4500008004100000041000800041082001800049100002900067245003900096260002000135300001400155365001200169650000800181650000800189906004500197999001900242952015200261210719s2009 xx 000 0 und d akan a342.085K HERM aHEREKAL PRAHLADACHARYARU aMulabhuta hakkugalu: ondu samikshe aBengaluruc2009 ax,284bPB b150cRs aLaw aLaw ahakkugalu: ; Mulabhuta ; ondu ; samikshe c215857d215857 001040708Human Rights & Gender EquityaALbALd2019-03-14eGeneral Annualg150.00l0o342.085K HERMpD04491r2021-07-19 00:00:00w2021-07-19yDB